| 000 | 00820nam a2200253 u 4500 | ||
|---|---|---|---|
| 005 | 20240815063725.0 | ||
| 008 | 150309s2006 mx r 000 0 spa d | ||
| 020 | _a9681680332 | ||
| 035 | _aUPN01000202373 | ||
| 049 | _aCG | ||
| 050 | 4 |
_aQL737 C2.3 _bS3.2 |
|
| 100 | 1 |
_aScott, Jonathan _936355 |
|
| 245 | 1 | 0 |
_aDiario de grandes felinos : _bleopardos / _cJonathan Scott, Angela Scott ; tr. Abdiel Macías. |
| 260 |
_aMéxico : _bFCE, _c2006. |
||
| 300 |
_a135 p. : _bil. col. |
||
| 440 | 0 | _aSección de obras de ciencia y tecnología | |
| 534 |
_pTítulo original: _tBig cat diary : leopard |
||
| 650 | 4 |
_aLEOPARDOS _924880 |
|
| 650 | 4 |
_aAnimales _xHábitos y comportamiento _91059 |
|
| 650 | 4 |
_aFELINOS - _vLITERATURA JUVENIL _912503 |
|
| 700 | 1 |
_aScott, Angela, _ecoaut. |
|
| 905 | _aLibro | ||
| 999 |
_c174474 _d174474 |
||